| 000 | 00625nam a2200169Ia 4500 | ||
|---|---|---|---|
| 003 | LDD | ||
| 008 | 190117s9999 xx 000 0 und d | ||
| 020 | _c₹50 | ||
| 040 | _cLDD | ||
| 041 | _ahi | ||
| 082 | _a8h1.709 बा6674डा | ||
| 100 | _aबालसुब्रह्मण्यन, पि.के. | ||
| 245 | 0 |
_aडा.शिवमंगल सिंह "सुमन" के काव्य में राष्ट्रीयता _cपि.के. बालसुब्रह्मण्यन |
|
| 260 |
_aनई दिल्ली _bपिताम्बर _c1988 |
||
| 300 | _a150 | ||
| 942 |
_2ddc _cH |
||
| 999 |
_c164740 _d164740 |
||